Statistiche per Allenatori più vincenti della storia della Roma

Clicka qui per fare il quiz!

Statistiche generali

  • Questo quiz è stato fatto 26 volte
  • Il punteggio medio è 4 su 10

Statistiche sulle risposte

NazionePeriofoTotale trofeiTrofei vintiAllenatore% Corretto
Portogallo2021-11 UEFA Conference LeagueJosé Mourinho
95%
Italia2005-2009; 2016-201732 Coppe Italia; 1 Supercoppa ItalianaLuciano Spalletti
91%
Italia1999-200421 Campionato italiano; 1 Supercoppa ItalianaFabio Capello
82%
Svezia1973-1977; 1978-1984; 1987-1989; 199741 Campionato italiano; 3 Coppe ItaliaNils Liedholm
68%
Argentina / Francia1968-197311 Coppa ItaliaHelenio Herrera
36%
Svezia1984-198711 Coppa ItaliaSven-Göran Eriksson
36%
Italia1990-199211 Coppa ItaliaOttavio Bianchi
14%
Ungheria1939-194311 Campionato italianoAlfred Schaffer
5%
Italia1951-195211 Campionato italiano di Serie BGiuseppe Viani
5%
Spagna1963-196411 Coppa ItaliaLuis Miró
5%

Distribuzione punteggi

Percentile per numero di risposta

Percentuale di utenti per punteggio

I tuoi punteggi nel tempo

Non hai fatto questo quiz